| 000 | 00381nam a22001577a 4500 | ||
|---|---|---|---|
| 003 | NUST - PNEC | ||
| 005 | 20170116181126.0 | ||
| 008 | 151005b xxu||||| |||| 00| 0 eng d | ||
| 040 | _cLIBRARY | ||
| 082 | _a891.439 SAJ | ||
| 100 |
_913715 _aSajid, Farzana |
||
| 245 |
_aGumshuda manzil: part 1 _cSajid, Farzana |
||
| 260 | _c2000 | ||
| 650 | _xGeneral book | ||
| 942 |
_2ddc _cBK |
||
| 999 |
_c69771 _d69771 |
||